লোডিং...

et al.

গ্রন্থ-পঞ্জীর বিবরন
অন্যান্য লেখক: Alo, Richard A (Editor)
বিন্যাস: Printed Book
প্রকাশিত: Springer-Verlag, Berlin 1974
মালা:Lecture Notes in Mathematics, No.0378
বিষয়গুলি:
LEADER 00509nam a2200169 4500
082 |a R LNM.0378 
100 |a Alo, Richard A,   |e Editor 
245 |a  et al.  |c Richard A Alo  
250
260 |a Springer-Verlag, Berlin  |c 1974 
300
490 |a Lecture Notes in Mathematics, No.0378 
650 |a Lecture Notes in Mathematics 
700 |e Editor 
942 |c BK 
999 |c 201224  |d 201224 
952 |0 0  |1 0  |4 0  |6 R_LNM_0378_000000000000000  |7 0  |9 214573  |a MAT  |b MAT  |l 0  |o R LNM.0378  |p MAT2234  |r 2019-11-01  |w 2019-11-01  |y BK